How to make your own books /

Basic instructions for making a book accompany suggestions for special types of book making projects--travel journals, diaries, photo albums, scrapbooks, comic books, and others.

Bibliographic Details
Main Author: Weiss, Harvey
Format: Book
Language:English
Published: New York : Crowell, [1974]
Subjects:

MARC

Tag First Indicator Second Indicator Subfields
LEADER 00000pam a2200000 a 4500
001 in00000049969
005 20151007075930.0
008 731001s1974 nyua j 00010 engm
010 |a  73017267  
020 |a 0690004001 
035 |a (OCoLC)00724353 
035 |9 AAF4016AM 
040 |a DLC  |c DLC  |d m.c.  |d TXA  |d UtOrBLW 
049 |a [Curr Col] TXAM  |c [1387691] 
050 0 0 |a Z4 Z9  |b  W44 
082 0 |a 686 
100 1 |a Weiss, Harvey. 
245 1 0 |a How to make your own books /  |c illustrated with photographs and drawings by Harvey Weiss. 
264 1 |a New York :  |b Crowell,  |c [1974] 
264 4 |c ©1974 
300 |a 71 pages :  |b illustrations (some color) ;  |c 24 cm. 
336 |a text  |b txt  |2 rdacontent 
337 |a unmediated  |b n  |2 rdamedia 
338 |a volume  |b nc  |2 rdacarrier 
520 |a Basic instructions for making a book accompany suggestions for special types of book making projects--travel journals, diaries, photo albums, scrapbooks, comic books, and others. 
650 0 |a Books  |v Juvenile literature. 
650 1 |a Books. 
999 |a MARS 
999 f f |s fea59e87-697e-3945-942e-83db2509edab  |i 34feca09-4155-3f1b-b98a-15593c6c92dd  |t 0 
952 f f |p ric  |a Texas A&M University  |b Rellis Campus  |c Joint Library Facility  |d Remote Storage  |t 0  |e Z4 Z9 W44  |h Library of Congress classification  |i unmediated -- volume  |m A14805939196 
998 f f |a Z4 Z9 W44  |t 0  |l Remote Storage